|
|
|
|
| LEADER |
00000nab a2200000 4500 |
| 001 |
vtls011928783 |
| 003 |
SK-MaSNL |
| 005 |
20260303200431.0 |
| 008 |
200414|2019 xo ||||||||||||00 ||slo| |
| 038 |
|
|
|a PPPK
|
| 040 |
|
|
|a PPPKCL
|b slo
|e rda
|
| 041 |
0 |
|
|a slo
|
| 043 |
|
|
|a e-xo---
|
| 044 |
|
|
|a xo
|c SK
|
| 072 |
|
7 |
|a 796
|x Šport. Hry. Telesné cvičenia
|2 konspekt
|
| 080 |
|
|
|a 796/799
|2 2011
|
| 080 |
|
|
|a 796.926
|2 2011
|
| 080 |
|
|
|a 796.093
|2 2011
|
| 110 |
2 |
|
|a LO MŠK Kežmarok
|4 aut
|9 1230438
|
| 245 |
0 |
0 |
|a Zimná lyžiarská sezóna už pomaly končí
|c Lyžiarsky oddiel MŠK Kežmarok
|
| 300 |
|
|
|b Fotografie
|
| 336 |
|
|
|a text
|b txt
|2 rdacontent
|
| 337 |
|
|
|a bez média
|b n
|2 rdamedia
|
| 338 |
|
|
|a zväzok
|b nc
|2 rdacarrier
|
| 600 |
1 |
7 |
|a Chorogwická, Mia
|2 SNK
|9 1230543
|
| 600 |
1 |
7 |
|a Jurdík, Ján,
|d 2007-
|2 SNK
|9 1230544
|
| 600 |
1 |
7 |
|a Šoltýs, Michal,
|d 2010-
|2 SNK
|9 1230545
|
| 610 |
2 |
7 |
|a LO MŠK Kežmarok
|2 SNK
|9 1230438
|
| 610 |
2 |
7 |
|a Bachledka Ski&Sun (Ždiar, Slovensko)
|2 SNK
|9 1230439
|
| 611 |
2 |
7 |
|a Slovenský pohár predžiactva
|d (2019 :
|c Slovensko)
|2 SNK
|9 1230546
|
| 611 |
2 |
7 |
|a Zimná kalokagatia: olympiáda detí a mládeže
|n (9. :
|d 2019 :
|c Štrbské Pleso, Slovensko)
|2 SNK
|9 1230547
|
| 648 |
|
7 |
|a 12.-13.3.2019
|2 SNK
|9 1230548
|
| 650 |
0 |
7 |
|a šport
|2 SNKPH
|9 1042
|
| 650 |
0 |
7 |
|a zjazdové lyžovanie
|2 SNKPH
|9 3258
|
| 650 |
0 |
7 |
|a športové súťaže
|2 SNKPH
|9 1047
|
| 651 |
|
7 |
|a Kežmarok (Slovensko)
|2 SNKPHgeo
|9 26808
|
| 651 |
|
7 |
|a Štrbské Pleso (Štrba, Slovensko)
|2 SNKPHgeo
|9 174790
|
| 655 |
|
7 |
|a správy
|2 SNKPH
|9 70563
|
| 773 |
0 |
|
|t Noviny Kežmarok : kultúrno-spoločenský mesačník mesta
|g Roč. 4 č. 4 (2019), s. 22
|x 2453-7608
|
| 852 |
|
|
|a PPPK
|b KIS3GCP
|
| 999 |
|
|
|c 2168043
|d 2169973
|